[Event "Südlohner SV 2 - SF Stadtlohn 1"]
[Site "Verbandsklasse 2015/2016"]
[Date "2016.05.28"]
[Round "9.6"]
[White "Emming, Benedikt"]
[Black "Wensing, Herbert"]
[Result "1/2-1/2"]
[WhiteElo "1726"]
[BlackElo "1684"]
[PlyCount "42"]
[EventDate "2016.??.??"]
[SourceDate "2015.10.31"]

1. e4 e5 2. Nf3 Nf6 3. Nxe5 d6 4. Nf3 Nxe4 5. Bc4 d5 6. Qe2 Be7 7. d3 Nxf2 8.
Qxf2 dxc4 9. dxc4 O-O 10. O-O Be6 11. b3 Bf6 12. c3 Nc6 13. Bb2 Qd3 14. Nd4 Bg5
15. Re1 Bd7 16. Na3 a6 17. Rad1 Qg6 18. Nac2 Rfe8 19. Bc1 Ne5 20. Bxg5 Qxg5 21.
Ne3 Bg4 1/2-1/2

[Event "Südlohner SV 2 - SF Stadtlohn 1"]
[Site "Verbandsklasse 2015/2016"]
[Date "2016.05.28"]
[Round "9.7"]
[White "Söbbing, Ulrich"]
[Black "van de Laar, Han"]
[Result "1/2-1/2"]
[WhiteElo "1545"]
[BlackElo "1651"]
[PlyCount "40"]
[EventDate "2016.??.??"]
[SourceDate "2015.10.31"]

1. d4 Nf6 2. c4 e6 3. Nc3 d5 4. Bg5 Be7 5. Nf3 O-O 6. e3 Nbd7 7. Bd3 dxc4 8.
Bxc4 c5 9. O-O a6 10. dxc5 Nxc5 11. Qxd8 Rxd8 12. b4 Ncd7 13. a3 b5 14. Be2 Bb7
15. Rac1 h6 16. Bh4 Rac8 17. h3 g5 18. Bg3 Nb6 19. Nd4 Nbd5 20. Nxd5 Bxd5
1/2-1/2

[Event "Südlohner SV 2 - SF Stadtlohn 1"]
[Site "Verbandsklasse 2015/2016"]
[Date "2016.05.28"]
[Round "9.8"]
[White "Höing, Johannes"]
[Black "Bußwolder, Peter"]
[Result "1/2-1/2"]
[WhiteElo "1783"]
[BlackElo "1749"]
[PlyCount "49"]
[EventDate "2016.??.??"]
[SourceDate "2015.10.31"]

1. e4 c5 2. Nc3 d6 3. g3 Nc6 4. Bg2 Nf6 5. Nge2 e6 6. d4 cxd4 7. Nxd4 e5 8.
Nde2 Be7 9. Nd5 Nxd5 10. Qxd5 Be6 11. Qd3 O-O 12. O-O Qc7 13. Bd2 Rfd8 14. c4
Rac8 15. b3 Qd7 16. Nc3 Bf8 17. Rae1 Nb4 18. Qb1 Nc6 19. Be3 Qc7 20. Rd1 Qa5
21. Nd5 Ne7 22. Nxe7+ Bxe7 23. Rd2 a6 24. Rc1 b5 25. cxb5 1/2-1/2

[Event "SK Gescher 1 - SK Königsspringer Nordwa"]
[Site "Verbandsklasse 2015/2016"]
[Date "2016.05.28"]
[Round "9.1"]
[White "Sandmann, Matthias"]
[Black "Eißing, Christoph"]
[Result "0-1"]
[WhiteElo "1780"]
[BlackElo "2011"]
[PlyCount "64"]
[EventDate "2016.??.??"]
[SourceDate "2015.10.31"]

1. d4 Nf6 2. Bg5 d6 3. e3 Nbd7 4. Bd3 g6 5. f4 Bg7 6. Nf3 O-O 7. Nbd2 Re8 8.
O-O Nd5 9. e4 Ne3 10. Qe2 Nxf1 11. Rxf1 c5 12. c3 cxd4 13. cxd4 Nf8 14. e5 dxe5
15. dxe5 Ne6 16. f5 Nxg5 17. Nxg5 Bxf5 18. Bxf5 gxf5 19. e6 f6 20. Nh3 Qd4+ 21.
Kh1 Qe5 22. Qxe5 fxe5 23. Rxf5 Rf8 24. Rf3 Rxf3 25. gxf3 Rc8 26. Nf2 Rc1+ 27.
Kg2 Rc2 28. Nde4 Rxb2 29. Nc3 e4 30. Ncxe4 Bd4 31. f4 Rxa2 32. Kf3 Bxf2 0-1

[Event "SK Gescher 1 - SK Königsspringer Nordwa"]
[Site "Verbandsklasse 2015/2016"]
[Date "2016.05.28"]
[Round "9.2"]
[White "Priebs, Ludger"]
[Black "Lerke, Bernd"]
[Result "1-0"]
[WhiteElo "1789"]
[BlackElo "1888"]
[PlyCount "85"]
[EventDate "2016.??.??"]
[SourceDate "2015.10.31"]

1. e4 c5 2. Nf3 e6 3. d4 cxd4 4. Nxd4 a6 5. g3 b5 6. Bg2 Bb7 7. O-O Qc7 8. Be3
Nf6 9. Nd2 h5 10. Bg5 Be7 11. Rc1 Nc6 12. c3 Ne5 13. Qe2 Rc8 14. b3 Nfg4 15.
Bxe7 Kxe7 16. f4 Ng6 17. h3 Nf6 18. e5 Nd5 19. Ne4 h4 20. c4 bxc4 21. bxc4 Nb6
22. Nd6 Bxg2 23. Nxc8+ Rxc8 24. Kxg2 hxg3 25. c5 Nd5 26. Kxg3 Kf8 27. Qxa6 Qd8
28. Nf3 Rc6 29. Qa7 Ngxf4 30. Rb1 Rc7 31. Qb8 Rc8 32. Qd6+ Kg8 33. Rb7 Ne2+ 34.
Kh2 Nec3 35. Qxd7 Qxd7 36. Rxd7 Ne3 37. Re1 Ned5 38. Ng5 Nxa2 39. Ra1 Nab4 40.
Rf1 Nd3 41. Rfxf7 Nxe5 42. Rxg7+ Kf8 43. Nxe6+ 1-0

[Event "SK Gescher 1 - SK Königsspringer Nordwa"]
[Site "Verbandsklasse 2015/2016"]
[Date "2016.05.28"]
[Round "9.3"]
[White "Wetterau, Georg"]
[Black "Lanfer, Stefanie"]
[Result "1-0"]
[WhiteElo "1814"]
[BlackElo "1810"]
[PlyCount "89"]
[EventDate "2016.??.??"]
[SourceDate "2015.10.31"]

1. e4 c6 2. d4 d5 3. Nd2 dxe4 4. Nxe4 Nf6 5. Ng3 h5 6. h4 Bg4 7. Be2 Qc7 8. Nf3
Nbd7 9. c3 e6 10. Ng5 Nb6 11. N5e4 O-O-O 12. Nxf6 gxf6 13. Bxg4 hxg4 14. Qxg4
f5 15. Qf3 Nd5 16. Ne2 Be7 17. g3 Qb6 18. Nf4 Nxf4 19. Qxf4 c5 20. dxc5 Bxc5
21. b4 Qc6 22. O-O Bd6 23. Qe3 Rdg8 24. b5 Qc7 25. Kg2 Rxh4 26. Qxa7 Rhg4 27.
Be3 Bxg3 28. Kf3 Bf4 29. Qa8+ Kd7 30. Rad1+ Ke7 31. Qa3+ Kf6 32. Qc5 Qb8 33.
Rd7 Kg6 34. Qe7 Rg7 35. Bd4 Be5 36. Rxb7 Qh8 37. Bxe5 Qh3+ 38. Ke2 Re4+ 39. Kd2
Qh6+ 40. Kc2 Re2+ 41. Kb3 Rxe5 42. Rg1+ Kh7 43. Rxg7+ Qxg7 44. Qh4+ Kg6 45. f4
1-0

[Event "SK Gescher 1 - SK Königsspringer Nordwa"]
[Site "Verbandsklasse 2015/2016"]
[Date "2016.05.28"]
[Round "9.4"]
[White "Iking, Bernhard"]
[Black "Mense, Jens-Uwe"]
[Result "0-1"]
[WhiteElo "1775"]
[BlackElo "1801"]
[PlyCount "142"]
[EventDate "2016.??.??"]
[SourceDate "2015.10.31"]

1. d4 g6 2. c4 Bg7 3. Nc3 d6 4. e4 Nd7 5. f4 e5 6. fxe5 dxe5 7. d5 Ne7 8. Bd3
O-O 9. Bg5 h6 10. Bh4 f5 11. exf5 gxf5 12. d6 cxd6 13. Nd5 Nf6 14. Qd2 Nexd5
15. cxd5 Qe8 16. Ne2 Qf7 17. Bxf6 Qxf6 18. O-O e4 19. Bxe4 Qxb2 20. Qxb2 Bxb2
21. Rab1 Be5 22. Bc2 f4 23. Bd3 b6 24. Rbc1 Bb7 25. Be4 Ba6 26. Bf3 Rae8 27.
Rc2 Rc8 28. Rfc1 Rxc2 29. Rxc2 Rc8 30. Rxc8+ Bxc8 31. Nc1 Ba6 32. Be2 Bb7 33.
Bc4 Kg7 34. h3 Kf6 35. Kf2 a6 36. Kf3 b5 37. Bb3 a5 38. Ke4 Bc8 39. Ne2 a4 40.
Bd1 Bf5+ 41. Kf3 Bd3 42. Nxf4 Bxf4 43. Kxf4 Bc4 44. Ke4 Bxa2 45. Kd4 Bc4 46.
Bxa4 Bf1 47. Bc2 Bxg2 48. h4 Bh3 49. Bd3 b4 50. Kc4 Ke5 51. Kxb4 Kxd5 52. Kc3
Bg2 53. Ba6 Ke5 54. Be2 Be4 55. Bd1 d5 56. Be2 d4+ 57. Kd2 Kf4 58. h5 Kg5 59.
Bd1 Kf4 60. Be2 Bf5 61. Bc4 Bg4 62. Bf7 Bf5 63. Bg6 Kg5 64. Bf7 Bg4 65. Kd3
Bxh5 66. Bxh5 Kxh5 67. Kxd4 Kg4 68. Ke3 Kg3 69. Ke2 Kg2 70. Ke3 h5 71. Kf4 h4
0-1

[Event "SK Gescher 1 - SK Königsspringer Nordwa"]
[Site "Verbandsklasse 2015/2016"]
[Date "2016.05.28"]
[Round "9.5"]
[White "Herding, Rudolf"]
[Black "Stein, Michael"]
[Result "0-1"]
[WhiteElo "1568"]
[BlackElo "1682"]
[PlyCount "122"]
[EventDate "2016.??.??"]
[SourceDate "2015.10.31"]

1. e4 e5 2. Nf3 Nc6 3. Bc4 Bc5 4. c3 Nf6 5. d4 exd4 6. cxd4 Bb4+ 7. Bd2 Bxd2+
8. Nbxd2 d5 9. exd5 Nxd5 10. O-O O-O 11. Re1 Nb6 12. Re4 Nxc4 13. Nxc4 Qd5 14.
Qe2 Bf5 15. Re3 Nxd4 16. Nxd4 Qxd4 17. Rd1 Qf6 18. Re1 Be6 19. Ne5 h6 20. Rf3
Qh4 21. Ng6 fxg6 22. Qxe6+ Kh7 23. g3 Qd4 24. Rxf8 Rxf8 25. Re2 Rf6 26. Qe4
Qxe4 27. Rxe4 Rb6 28. b3 g5 29. Ra4 a6 30. Rc4 c6 31. b4 Rb5 32. Kg2 a5 33.
bxa5 Rxa5 34. a4 Kg6 35. Kf3 Kf5 36. g4+ Ke6 37. Rb4 b5 38. axb5 Rxb5 39. Rd4
Rb3+ 40. Ke2 Rh3 41. Re4+ Kd5 42. Re7 Rxh2 43. Rxg7 c5 44. Ke3 Kc4 45. Rc7 Kb4
46. Rb7+ Kc3 47. Rb1 Rh3+ 48. Ke4 Kc2 49. Rb5 c4 50. Kd4 c3 51. Ke4 Kc1 52. f4
gxf4 53. Kxf4 Rd3 54. Ke4 Rd6 55. Rh5 c2 56. Ke5 Ra6 57. Ke4 Ra4+ 58. Kf3 Ra6
59. Ke3 Re6+ 60. Kd3 Re1 61. Rxh6 Kd1 0-1

[Event "SK Gescher 1 - SK Königsspringer Nordwa"]
[Site "Verbandsklasse 2015/2016"]
[Date "2016.05.28"]
[Round "9.6"]
[White "Robers, Frank"]
[Black "Steens, Rudolf"]
[Result "0-1"]
[WhiteElo "1701"]
[BlackElo "1744"]
[PlyCount "44"]
[EventDate "2016.??.??"]
[SourceDate "2015.10.31"]

1. e4 e6 2. Qe2 Be7 3. f4 d5 4. d3 c5 5. Nf3 Nc6 6. g3 dxe4 7. dxe4 b6 8. Bg2
Bb7 9. c3 Qc7 10. Na3 a6 11. O-O Nf6 12. Nc4 b5 13. Nce5 Nxe5 14. Nxe5 Nd7 15.
Qg4 O-O 16. Nxd7 Qxd7 17. f5 exf5 18. exf5 Bxg2 19. Kxg2 Rfd8 20. Bh6 Qc6+ 21.
Rf3 Qxh6 22. Raf1 Rd2+ 0-1

[Event "SK Gescher 1 - SK Königsspringer Nordwa"]
[Site "Verbandsklasse 2015/2016"]
[Date "2016.05.28"]
[Round "9.7"]
[White "Schmalbrock, Andreas"]
[Black "Frieske, Hilmar"]
[Result "0-1"]
[WhiteElo "1379"]
[BlackElo "1776"]
[PlyCount "140"]
[EventDate "2016.??.??"]
[SourceDate "2015.10.31"]

1. e4 e5 2. Nf3 Nc6 3. Bc4 Bc5 4. Nc3 a6 5. a4 d6 6. h3 Nf6 7. d3 h6 8. O-O Be6
9. Nd5 Nb4 10. c3 Nbxd5 11. exd5 Bxd5 12. Bxd5 Nxd5 13. d4 exd4 14. cxd4 Bb4
15. Qe2+ Ne7 16. Bf4 O-O 17. Qc4 a5 18. Rac1 Rc8 19. Rc2 Ng6 20. Bg3 Qd7 21.
Qb3 Rfe8 22. Rfc1 Re4 23. Qd5 Ree8 24. Qxb7 Re7 25. h4 Nf8 26. h5 Ne6 27. b3
Ree8 28. Qd5 Ba3 29. Ra1 Bb4 30. Ne5 Qd8 31. Nc6 Qf6 32. Nxb4 axb4 33. Rd1 Qg5
34. Qf3 Qe7 35. Rc4 c5 36. d5 Nd4 37. Qd3 Ne2+ 38. Kh1 Rcd8 39. Bh4 f6 40. Qg6
Nd4 41. Rd3 Qe4 42. Rg3 Qxh4+ 43. Rh3 Qxf2 44. Rc1 Ne2 45. Rf3 Qh4+ 46. Rh3 Qf2
47. Rf3 Qd4 48. Rcf1 Re4 49. Rh3 Nf4 50. Qf5 Nxh3 51. gxh3 Re5 52. Qg4 Qxg4 53.
hxg4 Re4 54. a5 Rxg4 55. a6 Ra8 56. Ra1 Rg3 57. a7 Rxb3 58. Ra6 Ra3 59. Rxd6
R3xa7 60. Rc6 b3 61. Rb6 c4 62. d6 Rd7 63. Kg2 Rad8 64. Rb4 Rc8 65. Kf3 c3 66.
Rxb3 c2 67. Kg4 c1=Q 68. Kf5 Qc2+ 69. Ke6 Re8+ 70. Kxd7 Qc8# 0-1

[Event "SK Gescher 1 - SK Königsspringer Nordwa"]
[Site "Verbandsklasse 2015/2016"]
[Date "2016.05.28"]
[Round "9.8"]
[White "Winking, Heinrich"]
[Black "Tost, Ottfried"]
[Result "1/2-1/2"]
[WhiteElo "1462"]
[BlackElo "1465"]
[PlyCount "119"]
[EventDate "2016.??.??"]
[SourceDate "2015.10.31"]

1. d4 d5 2. Nf3 Nf6 3. c4 c6 4. Nc3 Bg4 5. cxd5 cxd5 6. Bf4 a6 7. Qa4+ Qd7 8.
Ne5 Qxa4 9. Nxa4 Nc6 10. Nxg4 Nxg4 11. Nb6 Rd8 12. Bc7 Nxd4 13. Rc1 e6 14. a3
Nc6 15. Bxd8 Kxd8 16. e3 Bd6 17. h3 Nf6 18. Bxa6 Kc7 19. Nxd5+ Nxd5 20. Bb5 Kb6
21. Bc4 Ne5 22. O-O Nxc4 23. Rxc4 Rd8 24. Rfc1 Rd7 25. e4 Nf4 26. Kf1 Rc7 27.
Rxc7 Bxc7 28. Rd1 Kc6 29. f3 Be5 30. b3 b5 31. Rd8 Bd6 32. a4 b4 33. a5 Bc7 34.
Rf8 Bxa5 35. Rxf7 Nd3 36. Rxg7 Nc1 37. Rxh7 Nxb3 38. h4 Nd4 39. Ra7 Bb6 40. Ra1
Bd8 41. Rd1 Bf6 42. h5 Nc2 43. Rb1 Kc5 44. Ke2 Nd4+ 45. Kd3 b3 46. f4 e5 47. f5
Bg5 48. Kc3 Kb5 49. g3 Ne2+ 50. Kxb3 Nxg3 51. Kc3+ Kc5 52. Kd3 Nxh5 53. Rg1
Nf4+ 54. Kc2 Bf6 55. Rd1 Ng2 56. Kd3 Nf4+ 57. Ke3 Kc6 58. Rh1 Bg5 59. Kf3 Kc5
60. Rh7 1/2-1/2